[Event "Lloyds Bank op"]
[Site "London"]
[Date "1994.??.??"]
[Round "5"]
[White "Sadler, Matthew"]
[Black "Maduekwe, Chiedu"]
[Result "1-0"]
[WhiteElo "2560"]
[BlackElo "2235"]

1.d4 d5 2.c4 c6 3.e3 Nf6 4.Nc3 e6 5.Nf3 Nbd7 6.Bd3 dxc4 7.Bxc4 b5 8.Bb3 Bb7
9.O-O a6 10.e4 c5 11.d5 c4 12.Bc2 Qc7 13.Nd4 Nc5 14.b4 cxb3 15.axb3 b4 16.Na4 Nxa4
17.Rxa4 exd5 18.e5 Ne4 19.Bf4 Bc5 20.Bxe4 dxe4 21.Nf5 f6 22.e6 Qc6 23.Bd6  1-0

[Event "Lloyds Bank op"]
[Site "London"]
[Date "1994.??.??"]
[Round "5"]
[White "Alterman, Boris"]
[Black "Summerscale, Aaron"]
[Result "1-0"]
[WhiteElo "2585"]
[BlackElo "2440"]

1.d4 d5 2.c4 c6 3.Nc3 Nf6 4.e3 e6 5.Nf3 Nbd7 6.Bd3 dxc4 7.Bxc4 b5 8.Bd3 a6
9.e4 c5 10.e5 cxd4 11.Nxb5 Ng4 12.Nd6+ Bxd6 13.exd6 Bb7 14.O-O Qf6 15.Bg5 Bxf3
16.Qxf3 Qxf3 17.gxf3 Nge5 18.Be4 Rb8 19.f4 Nc4 20.Be7 f5 21.Rfc1 Nxb2 22.Bc6 d3
23.Bxd7+ Kxd7 24.Rc7+ Ke8 25.Bg5 d2 26.d7+ Kf8 27.Rb7  1-0

[Event "Lloyds Bank op"]
[Site "London"]
[Date "1994.??.??"]
[Round "6"]
[White "Murugan, Krishnamoorthy"]
[Black "Shabalov, Alexander"]
[Result "1/2-1/2"]
[WhiteElo "2440"]
[BlackElo "2600"]

1.d4 d5 2.c4 c6 3.Nf3 Nf6 4.e3 e6 5.Nc3 Nbd7 6.Qc2 Bd6 7.Be2 O-O 8.O-O dxc4
9.Bxc4 b5 10.Be2 Re8 11.Ne4 Nxe4 12.Qxe4 Bb7 13.b3 Rb8 14.Bb2 c5 15.Qh4 Qxh4
16.Nxh4 c4 17.Nf3 Rec8 18.Rfc1 Bd5 19.bxc4 bxc4 20.Bc3 Nb6 21.a4 Be4 22.Ba5 Bd3
23.Bxd3 cxd3 24.Bxb6 Rxc1+ 25.Rxc1 Rxb6 26.Kf1 f6 27.Rd1 Rb4 28.a5 Ra4 29.Rxd3 Rxa5
30.Rb3 Ra1+ 31.Ke2 Ra2+ 32.Kf1 Bf8 33.e4 a5 34.Rb6 a4 35.Rxe6 a3 36.Ra6 Rb2
37.g4 Bb4 38.e5 Rc2 39.d5 fxe5 40.Nxe5 g6 41.Nd3 a2 42.Nxb4 Rc1+ 43.Kg2 a1=Q
44.Rxa1 Rxa1 45.Nc2 Ra2 46.Ne3 Kf7 47.Kg3 Kf6 48.f4 Ra3 49.g5+ Ke7 50.Kf3 Kd6
51.h4 Rb3 52.Ke4 Rb4+ 53.Kf3 Kc5 54.h5 gxh5 55.f5 Kd6 56.g6 hxg6  1/2-1/2

[Event "Lloyds Bank op"]
[Site "London"]
[Date "1994.??.??"]
[Round "7"]
[White "Norman, Kenneth I"]
[Black "Houska, Jovanka"]
[Result "1/2-1/2"]
[WhiteElo "2205"]
[BlackElo "2015"]

1.Nf3 c6 2.c4 d5 3.d4 Nf6 4.Nc3 e6 5.e3 Bd6 6.Bd3 Nbd7 7.O-O O-O 8.e4 dxc4
9.Bxc4 e5 10.Bg5 Re8 11.Bb3 Qc7 12.dxe5 Bxe5 13.Nxe5 Qxe5 14.Qd2 Nc5 15.Bc2 Ne6
16.Bh4 Rd8 17.Qe1 b6 18.Bxf6 Qxf6 19.e5 Qh6 20.Qe4 Nd4 21.Bb3 Bf5 22.Qe3 Qxe3
23.fxe3 Nxb3 24.axb3 Bc2 25.b4 Re8 26.Rfc1 Bg6 27.Ne2 Rxe5 28.Rxc6 Rxe3 29.Rxa7 Rae8
30.Nf4 Rb3 31.Re7 Rd8 32.Rd7  1/2-1/2

[Event "Lloyds Bank op"]
[Site "London"]
[Date "1994.??.??"]
[Round "10"]
[White "Cummings, David H"]
[Black "Maduekwe, Chiedu"]
[Result "1-0"]
[WhiteElo "2415"]
[BlackElo "2235"]

1.d4 d5 2.c4 c6 3.Nc3 Nf6 4.e3 e6 5.Nf3 Nbd7 6.Bd3 dxc4 7.Bxc4 b5 8.Bd3 Bb7
9.a3 b4 10.Ne4 Nxe4 11.Bxe4 Qb6 12.O-O Be7 13.axb4 O-O 14.Bd2 Nf6 15.Bd3 Nd5
16.Ne5 Qc7 17.Qc2 h6 18.Ra4 Bd6 19.e4 Bxe5 20.dxe5 Nb6 21.Ra5 Nd7 22.Be3 Nxe5
23.Be2 a6 24.Qc3 Nd7 25.Bd4 f6 26.Bc4 Rfe8 27.e5 c5 28.exf6 Qc6 29.Qg3 Qxg2+
30.Qxg2 Bxg2 31.Kxg2 cxd4 32.Rd1 gxf6 33.Rxd4 Ne5 34.Bxa6 Nc6 35.Rg4+ Kf7
36.Ra3 Rg8 37.Be2 Rxg4+ 38.Bxg4 Rg8 39.Rg3 Rb8 40.Rc3 Nxb4 41.Rc7+ Kg6 42.Bxe6 Nd3
43.Bf7+ Kf5 44.b3 Ne5 45.Bc4 Ke4 46.Re7 Kd4 47.Be6 Rb6 48.Re8 Nd3 49.Bc4 Ne5
50.Rd8+ Ke4 51.Bd5+ Kf4 52.Bg8 Nf3 53.Rc8 Ne5 54.Ra8 Nd3 55.Ra4+ Nb4 56.Ra5 Rb7
57.Be6 Rb6 58.Bc4 f5 59.Kf1 Nc6 60.Rd5 Nb4 61.Rd4+ Ke5 62.Rd7 Kf4 63.Ke2 Kg4
64.Rd4+ Kh3 65.Kf1 Nc2 66.Rf4 Rd6 67.Rxf5  1-0

[Event "SWZ-ch op"]
[Site "Luzern"]
[Date "1994.??.??"]
[Round "?"]
[White "Weindl, Alfred"]
[Black "Savchenko, Stanislav"]
[Result "1/2-1/2"]
[WhiteElo "2360"]
[BlackElo "2570"]

1.d4 d5 2.c4 c6 3.Nc3 Nf6 4.Nf3 e6 5.e3 Nbd7 6.Bd3 dxc4 7.Bxc4 b5 8.Bd3 a6
9.e4 c5 10.d5 Qc7 11.O-O c4 12.dxe6 fxe6 13.Bc2 Bb7 14.e5 Nxe5 15.Nxe5 Qxe5
16.Re1 Qd6 17.Qxd6 Bxd6 18.Rxe6+ Kd7 19.Re1 Kc7 20.h3 Rhe8 21.Be3 Rad8 22.Rad1 Bc6
23.a3 a5 24.Rd4 Bh2+ 25.Kf1 Rxd4 26.Bxd4 Rxe1+ 27.Kxe1 b4 28.axb4 axb4 29.Nd1 Bxg2
30.h4 Bf4 31.Ne3 Bxe3 32.fxe3 h6 33.Kf2 Bd5 34.Kg3 Kd6 35.Kf4 Be6 36.Bg6 Nd5+
37.Kf3 Ne7 38.h5 Bf5 39.Bf7 Be6 40.Bg6 Nxg6 41.hxg6  1/2-1/2

[Event "Madrid"]
[Site "Madrid"]
[Date "1994.??.??"]
[Round "8"]
[White "Illescas Cordoba, Miguel"]
[Black "Shirov, Alexei"]
[Result "1/2-1/2"]
[WhiteElo "2590"]
[BlackElo "2715"]

1.d4 d5 2.c4 c6 3.Nc3 e6 4.e3 Nf6 5.Nf3 Nbd7 6.Bd3 dxc4 7.Bxc4 b5 8.Bd3 a6
9.e4 c5 10.d5 Qc7 11.O-O c4 12.Bc2 Bb7 13.dxe6 fxe6 14.Ng5 Nc5 15.e5 Qc6
16.f3 Nfd7 17.Nxh7 Nxe5 18.Nxf8 Rxf8 19.Qd4 Ncd3 20.Bxd3 Nxd3 21.Ne4 Rd8
22.Qxg7 Qb6+ 23.Nf2 Nxf2 24.Qg6+ Rf7 25.Qg8+ Rf8 26.Qg6+  1/2-1/2

[Event "Makarska"]
[Site "Makarska"]
[Date "1994.??.??"]
[Round "?"]
[White "Horvath, Csaba"]
[Black "Ivanda, Branko"]
[Result "1-0"]
[WhiteElo "2540"]
[BlackElo "2320"]

1.d4 d5 2.c4 c6 3.Nc3 Nf6 4.e3 e6 5.Nf3 Be7 6.b3 O-O 7.Bd3 Nbd7 8.O-O Qc7
9.Bb2 Rd8 10.Qe2 Nf8 11.Ne5 Bd7 12.Nxd7 Rxd7 13.Rac1 Re8 14.Rfd1 Qa5 15.a3 dxc4
16.Bxc4 Ng6 17.b4 Qg5 18.f4 Qh4 19.Qf3 Bf8 20.g3 Qg4 21.Qg2 Ne7 22.e4 Red8
23.Ne2 Qg6 24.Bd3 Ng4 25.Re1 h5 26.h3 Nh6 27.Kh2 f5 28.Ng1 fxe4 29.Rxe4 Nd5
30.Nf3 Bd6 31.Qe2 Nf5 32.Rg1 h4 33.gxh4 Qh6 34.Rxe6 Qxf4+ 35.Kh1 Ng3+ 36.Rxg3 Qxg3
37.Re8+ Bf8 38.Qe6+ Kh8 39.Qf5 Nf6 40.Re6 Rd6 41.Rxf6 Qxf3+ 42.Qxf3 Rxf6
43.Qe4 Kg8 44.Bc1  1-0

[Event "CRO-chT"]
[Site "Makarska"]
[Date "1994.??.??"]
[Round "2"]
[White "Zaja, Ivan"]
[Black "Grdinic, Zvonimir"]
[Result "1-0"]
[WhiteElo "2375"]
[BlackElo "2400"]

1.d4 d5 2.c4 c6 3.Nf3 Nf6 4.Nc3 e6 5.e3 Nbd7 6.Bd3 dxc4 7.Bxc4 b5 8.Be2 a6
9.O-O Bb7 10.e4 c5 11.e5 Nd5 12.a4 b4 13.Ne4 Be7 14.Bg5 O-O 15.Bxe7 Qxe7
16.Nd6 Rfb8 17.Rc1 cxd4 18.Qxd4 a5 19.Nxb7 Rxb7 20.Bb5 Rd8 21.Rfd1 Rbb8 22.Kf1 h6
23.g3 Nf8 24.Qe4 Rbc8 25.Nd4 Rxc1 26.Rxc1 Qg5 27.Rc2 Qh5 28.Kg2 Qd1 29.Nc6 Rc8
30.Qe2 Qb1 31.Bd3 Qa1 32.Be4 Ng6 33.Bxd5 exd5 34.e6 Qxa4 35.exf7+ Kh8 36.Qd3 b3
37.Ne7  1-0

[Event "CRO-chT"]
[Site "Makarska"]
[Date "1994.??.??"]
[Round "5"]
[White "Nikolac, Juraj"]
[Black "Vlahov, Davor"]
[Result "1/2-1/2"]
[WhiteElo "2445"]
[BlackElo "2275"]

1.d4 Nf6 2.Nf3 d5 3.c4 e6 4.Nc3 c6 5.e3 Nbd7 6.Qc2 Be7 7.b3 b6 8.Be2 Bb7
9.O-O O-O 10.Bb2 c5 11.Rfd1 cxd4 12.Rxd4 dxc4 13.Bxc4 Bc5 14.Rh4 Bxf3 15.gxf3 Ne5
16.Be2 Ng6 17.Rc4 Ne5 18.Ra4 Qe7 19.Ne4 Nxe4 20.Rxe4 Ng6 21.Rc4 e5 22.Qf5 Rad8
23.Bc3 Rd6 24.b4 Rf6 25.Qg4 Bd6 26.Kh1 Qe6 27.Qe4 Ne7 28.Rg1 Rg6 29.b5 Rxg1+
30.Kxg1 Nd5 31.Bb2 Rd8 32.a3 Ne7 33.Rc2 Qg6+ 34.Qxg6 hxg6 35.Kf1 f6 36.Bc4+ Kf8
37.Be6 g5 38.h3 Bc5 39.Ke2 Nc8 40.a4 Ke7 41.Bf5 Nd6 42.Bd3 Rh8 43.a5 Rxh3
44.Rxc5 bxc5 45.Ba3 Rh1 46.Bxc5 Ra1 47.a6 Ra5 48.Kd2 Ke6 49.Kc3 Kd5 50.Kb4 Ra4+
51.Kxa4 Kxc5 52.Bf1 Nc8 53.Bd3 Nd6 54.Ka5 Nc8 55.Ka4 Nd6 56.Ka5 Nc8  1/2-1/2

[Event "Mar del Plata op"]
[Site "Mar del Plata"]
[Date "1994.??.??"]
[Round "7"]
[White "Disconzi da Silva, Rodrigo"]
[Black "Kanefsck, Gustavo"]
[Result "0-1"]
[WhiteElo "2360"]
[BlackElo "2325"]

1.d4 d5 2.c4 c6 3.Nc3 Nf6 4.e3 e6 5.Nf3 Nbd7 6.Bd3 dxc4 7.Bxc4 b5 8.Bd3 Bb7
9.O-O b4 10.Ne4 Be7 11.Qe2 Nxe4 12.Bxe4 O-O 13.Rd1 Qb6 14.b3 c5 15.Bxb7 Qxb7
16.Bb2 Rac8 17.Rac1 cxd4 18.Bxd4 Bf6 19.Qb2 h6 20.h3 Bxd4 21.Rxd4 Nf6 22.Rcd1 Nd5
23.Rg4 Rc3 24.Ne5 Rfc8 25.Nc4 Qe7 26.Qd2 Qc5 27.Rd4 a5 28.e4 Nf6 29.Qf4 Kh7
30.e5 Nd5 31.Qxf7 Rf8 32.Qxe6 Nf4 33.Qb6 Qc8 34.Rxf4 Rxf4 35.e6 Rf6 36.Re1 a4
37.Qxb4 Rc2 38.Nb6 Qc6 39.Qe4+ Qxe4 40.Rxe4 axb3 41.axb3 Rfxf2 42.Rg4 Rfe2
43.Nd7 Rc8 44.b4 Rxe6 45.Nc5 Re1+ 46.Kf2 Rce8 47.Nd3 R8e2+ 48.Kf3 Re3+ 49.Kf2 R1e2+
50.Kf1 Rd2 51.Nc5 Rb2 52.Kg1 h5 53.Re4 Rg3  0-1

[Event "Marijampole op"]
[Site "Marijampole"]
[Date "1994.??.??"]
[Round "7"]
[White "Polak, Tomas"]
[Black "Sergejev, Roman"]
[Result "1/2-1/2"]
[WhiteElo "2415"]
[BlackElo "2370"]

1.d4 d5 2.c4 c6 3.Nc3 e6 4.Nf3 Nf6 5.e3 Nbd7 6.Bd3 dxc4 7.Bxc4 b5 8.Bd3 a6
9.e4 c5 10.d5 c4 11.dxe6 fxe6 12.Bc2 Qc7 13.O-O Bb7 14.Ng5 Nc5 15.e5 Qxe5
16.Re1 Qd6 17.Qxd6 Bxd6 18.Be3 O-O 19.Rad1 Be7 20.Bxc5 Bxc5 21.Nxe6 Rfc8
22.h3 Bb4 23.a3 Ba5 24.Nxg7 Bxg2 25.Kxg2 Kxg7 26.Re7+ Kf8 27.Re6 Kf7 28.Rdd6 Ne8
29.Rxa6 Bxc3 30.bxc3 Nc7 31.Rxa8 Rxa8 32.Rd6 Ke7 33.Rh6 Rxa3 34.Rxh7+ Kd6
35.Rh6+ Ke5 36.Rh5+ Kd6 37.Rh6+  1/2-1/2

[Event "Wch U20"]
[Site "Matinhos"]
[Date "1994.??.??"]
[Round "?"]
[White "Kovacevic, Blazimir"]
[Black "Pelletier, Yannick"]
[Result "1-0"]
[WhiteElo "2350"]
[BlackElo "2365"]

1.d4 d5 2.c4 e6 3.Nf3 Nf6 4.Nc3 c6 5.e3 Nbd7 6.Qc2 Bd6 7.Be2 O-O 8.O-O Re8
9.Rd1 Qe7 10.h3 b6 11.b3 Bb7 12.Bb2 Rad8 13.e4 Nxe4 14.Nxe4 dxe4 15.Qxe4 f5
16.Qe3 c5 17.Ne5 Nf6 18.Bf3 Ne4 19.Bxe4 Bxe4 20.f3 Qf6 21.fxe4 cxd4 22.Nc6 dxe3
23.Bxf6 gxf6 24.Nxd8 Rxd8 25.exf5 e2 26.Re1 Bc5+ 27.Kh2 Rd2 28.Kg3 Rd3+ 29.Kf4 e5+
30.Ke4 Rc3 31.Kd5 Rd3+ 32.Ke4 Re3+ 33.Kd5 Rd3+ 34.Kc6 Rd2 35.Kb7 Bd4 36.Rab1 Rxa2
37.b4 Bf2 38.Rec1 e1=Q 39.Rxe1 Bxe1 40.Rxe1 Rb2 41.b5 Ra2 42.Rd1 Ra4 43.Rd7 h5
44.Kb8 a5 45.c5 bxc5  1-0

[Event "Wch U20"]
[Site "Matinhos"]
[Date "1994.??.??"]
[Round "?"]
[White "Kovacevic, Blazimir"]
[Black "Pcola, Pavel"]
[Result "0-1"]
[WhiteElo "2350"]
[BlackElo "2300"]

1.d4 d5 2.c4 c6 3.e3 Nf6 4.Nc3 e6 5.Nf3 Nbd7 6.Qc2 Bd6 7.Be2 O-O 8.O-O dxc4
9.Bxc4 b5 10.Bd3 Bb7 11.h3 a6 12.Ng5 h6 13.Nce4 Be7 14.Nxf6+ Nxf6 15.Ne4 Nxe4
16.Bxe4 Qb6 17.Bd2 b4 18.Rac1 Rac8 19.Qb3 a5 20.Rfd1 c5 21.Bxb7 Qxb7 22.dxc5 Rxc5
23.Rxc5 Bxc5 24.Be1 Rc8 25.Qa4 Bb6 26.Qb5 Qc7 27.Qe2 Kf8 28.Rd3 Qc2 29.Kf1 Qb1
30.b3 Rc1 31.Rd2 a4 32.f3 axb3 33.axb3 Qxb3 34.Rb2 Qc3 35.Rd2 Qxe3 36.Qxe3 Bxe3
37.Rb2 Bd4  0-1

[Event "Wch U20"]
[Site "Matinhos"]
[Date "1994.??.??"]
[Round "?"]
[White "Escobedo Tinajero, Alberto"]
[Black "Pedersen, Steffen"]
[Result "0-1"]
[WhiteElo "2300"]
[BlackElo "2420"]

1.d4 d5 2.c4 c6 3.Nf3 Nf6 4.Nc3 e6 5.e3 Nbd7 6.Bd3 dxc4 7.Bxc4 b5 8.Bd3 a6
9.e4 c5 10.d5 c4 11.dxe6 fxe6 12.Bc2 Qc7 13.O-O Bb7 14.Ng5 Nc5 15.e5 Qxe5
16.Re1 Qd6 17.Qxd6 Bxd6 18.Be3 O-O 19.Rad1 Be7 20.Bxc5 Bxc5 21.Nxe6 Rfc8
22.h3 Rab8 23.Nxc5 Rxc5 24.Re7 b4 25.Ne2 Bd5 26.Nf4 Bf7 27.Rd6 Ra5 28.Bb1 c3
29.b3 Rc8 30.Re2 Nd5 31.Nxd5 Rxd5 32.Rxd5 Bxd5 33.Bc2 Rd8 34.f4 Bc6 35.Rf2 Bb5
36.g3 Bd3 37.Bd1 Rc8 38.Bc2 Rd8 39.Bd1 Bb1 40.Bg4 c2 41.Rf1 Bxa2  0-1

[Event "Wch U20"]
[Site "Matinhos"]
[Date "1994.??.??"]
[Round "?"]
[White "Escobedo Tinajero, Alberto"]
[Black "Pingitzer, Harald"]
[Result "1/2-1/2"]
[WhiteElo "2300"]
[BlackElo "2245"]

1.d4 d5 2.c4 e6 3.Nc3 c6 4.e3 Nf6 5.Nf3 Nbd7 6.Qc2 Be7 7.a3 a5 8.Bd3 O-O
9.O-O dxc4 10.Bxc4 Qc7 11.Ba2 e5 12.Bd2 exd4 13.Nb5 Qb8 14.Nbxd4 Ne5 15.Bc3 Nxf3+
16.Nxf3 Nd5 17.Bd4 Be6 18.Rad1 Qc8 19.Bb1 g6 20.Be5 f6 21.Bg3 Bf7 22.Rfe1 Nc7
23.e4 a4 24.Qc1 Ne6 25.Nh4 Ng7 26.h3 Rd8 27.f4 Be6 28.f5 Rxd1 29.Qxd1 gxf5
30.exf5 Bc5+ 31.Kh2 Bd5 32.Qg4 Qd7 33.Rd1 b5 34.Ba2 Rd8  1/2-1/2

[Event "Wch U20"]
[Site "Matinhos"]
[Date "1994.??.??"]
[Round "?"]
[White "Relange, Eloi"]
[Black "Pingitzer, Harald"]
[Result "1-0"]
[WhiteElo "2420"]
[BlackElo "2245"]

1.d4 d5 2.c4 e6 3.Nc3 c6 4.e3 Nf6 5.Nf3 Nbd7 6.Bd3 dxc4 7.Bxc4 b5 8.Bd3 Bb7
9.a3 b4 10.Ne4 Nxe4 11.Bxe4 Qb6 12.O-O c5 13.Bxb7 Qxb7 14.axb4 cxb4 15.Qa4 Bd6
16.Nd2 Ke7 17.Nc4 Bxh2+ 18.Kxh2 Qc7+ 19.Ne5 Nxe5 20.Qxb4+  1-0

[Event "Wch U20 Girls"]
[Site "Matinhos"]
[Date "1994.??.??"]
[Round "?"]
[White "Aleksieva, Silvia"]
[Black "Kadimova, Ilaha"]
[Result "1/2-1/2"]
[WhiteElo "2240"]
[BlackElo "2335"]

1.d4 d5 2.c4 c6 3.Nc3 Nf6 4.e3 e6 5.Nf3 Nbd7 6.Qc2 Bd6 7.Be2 O-O 8.O-O Re8
9.Rd1 Qe7 10.Bd2 dxc4 11.Bxc4  1/2-1/2

[Event "Wch U20"]
[Site "Matinhos"]
[Date "1994.??.??"]
[Round "?"]
[White "Gabriel, Christian"]
[Black "Pedersen, Steffen"]
[Result "1/2-1/2"]
[WhiteElo "2530"]
[BlackElo "2420"]

1.d4 d5 2.c4 c6 3.Nf3 Nf6 4.Nc3 e6 5.e3 Nbd7 6.Qc2 Bd6 7.Bd2 O-O 8.O-O-O Qe7
9.h3 dxc4 10.Bxc4 e5 11.g4 b5 12.Bd3 b4 13.Ne4 Nxe4 14.Bxe4 Nf6 15.dxe5 Bxe5
16.Nxe5 Qxe5 17.Bd3 Rb8 18.g5 Qxg5 19.e4 Qh4 20.Rhg1 h6 21.f4 Qxh3 22.f5 Rd8
23.Bf4 Rb7 24.Rg3 Qh4 25.Qf2 Kh8 26.Qf3 Nh5 27.Rg4 Qe7 28.Rh1 Nxf4 29.Qxf4 Qc5+
30.Kb1 Qd6 31.Qxd6 Rxd6 32.Ba6 Rb8 33.Bxc8 Rxc8 34.e5 Rd5 35.f6 Rg8 36.fxg7+  1/2-1/2

[Event "Melbourne"]
[Site "Melbourne"]
[Date "1994.??.??"]
[Round "11"]
[White "Roeder, Mathias"]
[Black "West, Guy"]
[Result "1-0"]
[WhiteElo "2435"]
[BlackElo "2410"]

1.d4 d5 2.c4 e6 3.Nc3 c6 4.Nf3 Nf6 5.e3 Nbd7 6.Qc2 Bd6 7.Be2 Qe7 8.O-O O-O
9.h3 dxc4 10.Bxc4 e5 11.a3 h6 12.Nh4 Nb6 13.Ng6 Qc7 14.Ba2 Re8 15.dxe5 Bxe5
16.Nxe5 Qxe5 17.f4 Qe7 18.Re1 Be6 19.Bb1 Rad8 20.e4 Bc4 21.Re3 Qc5 22.Kh1 Nh7
23.Rg3 Qh5 24.b3 Be6 25.Bb2 f6 26.Ba2 Kh8 27.Ne2 Qa5 28.Nd4 Bg8 29.e5 fxe5
30.b4 Qa4 31.Qg6 Re7 32.Nf5 Nf8 33.Qg4 Red7 34.Bxe5 Bxa2 35.Nxg7 Kg8 36.Ne6+ Kf7
37.Qf5+  1-0

[Event "Mestres"]
[Site "Mestres"]
[Date "1994.??.??"]
[Round "6"]
[White "Rocha, Sergio"]
[Black "Antunes, Antonio"]
[Result "0-1"]
[WhiteElo "2355"]
[BlackElo "2465"]

1.d4 d5 2.c4 e6 3.Nf3 Nf6 4.Nc3 c6 5.e3 Nbd7 6.Qc2 Bd6 7.g4 dxc4 8.Bxc4 Qe7
9.Bd2 b5 10.Be2 b4 11.Na4 Bb7 12.e4 Bc7 13.g5 Nh5 14.d5 exd5 15.exd5 Ba6
16.O-O-O Bxe2 17.Rde1 O-O 18.Nd4 Nf4 19.Kb1 cxd5 20.Qxc7 Qe4+ 21.Ka1 Qxd4
22.Bxf4 Bb5 23.Be3 Qc4 24.Qa5 Bxa4 25.Qxa4 Nc5 26.Bxc5 Qxc5 27.f4 Rac8 28.f5 d4
29.Qd1 Rfd8 30.Qd3 g6 31.fxg6 hxg6 32.Rd1 Qxg5 33.Rhg1 Qh6 34.h3 Rc5 35.a3 bxa3
36.Qxa3 Qh5 37.Qb3 Qf5 38.Rd3 Kg7 39.Rgd1 Rd6 40.Qb4 Rcd5 41.Qc4 Rc5 42.Qb4 Qg5
43.Ka2 Qd5+ 44.Kb1 Rc4 45.Qb8 Ra6  0-1

[Event "Metz op"]
[Site "Metz"]
[Date "1994.??.??"]
[Round "2"]
[White "Munschi, Serge"]
[Black "Komarov, Dimitri"]
[Result "0-1"]
[WhiteElo "2295"]
[BlackElo "2535"]

1.d4 d5 2.c4 c6 3.Nc3 Nf6 4.e3 e6 5.Nf3 Nbd7 6.Qc2 Bd6 7.g4 dxc4 8.Bxc4 b5
9.Bd3 Bb7 10.g5 Nd5 11.Ne4 Be7 12.Bd2 Nb4 13.Bxb4 Bxb4+ 14.Ke2 Be7 15.Rhg1 b4
16.Rac1 Rc8 17.Nc5 Nxc5 18.dxc5 Qa5 19.Nd4 Ba6 20.Nb3 Bxd3+ 21.Qxd3 Qc7 22.Qe4 a5
23.h4 Rd8 24.h5 Rd5 25.Rcd1 Bxg5 26.Rxd5 cxd5 27.Qd3 Bf6 28.Qb5+ Ke7 29.Nxa5 Ra8
30.Nc6+ Kf8 31.Qb6 Qh2 32.Qb7 Re8 33.Rg3 Qxh5+ 34.Ke1 Bh4 35.Rh3 Bxf2+ 36.Kxf2 Qxh3
37.Qc7 Qf5+ 38.Kg3 Qg5+ 39.Kf2 Qh4+ 40.Kf3 Qe4+  0-1

[Event "Minsk op"]
[Site "Minsk"]
[Date "1994.??.??"]
[Round "2"]
[White "Pushkarjow, Andreij"]
[Black "Guliev, Sarhan"]
[Result "0-1"]
[WhiteElo "2265"]
[BlackElo "2470"]

1.d4 d5 2.c4 c6 3.Nc3 Nf6 4.e3 e6 5.Nf3 Nbd7 6.Bd3 dxc4 7.Bxc4 b5 8.Bd3 Bb7
9.a3 b4 10.Ne4 Nxe4 11.Bxe4 Qb6 12.Nd2 Qa6 13.Qc2 c5 14.axb4 Qxa1 15.Bxb7 Rb8
16.Bc6 cxd4 17.O-O Bxb4 18.Nc4 f6 19.Qe4 Ke7 20.Bxd7 Kxd7 21.Qxd4+ Ke7 22.Na3 Rhd8
23.Qxa7+ Kf8 24.e4 Qa2 25.e5 fxe5 26.Qe3 Qd5 27.h4 Kg8 28.h5 Bc5 29.Qg3 Rb3
30.Qg5 e4 31.Qg4 Qf5 32.Qh4 Rf8 33.Nc2 e3 34.Nxe3 Bxe3  0-1

[Event "Minsk op"]
[Site "Minsk"]
[Date "1994.??.??"]
[Round "6"]
[White "Panchenko, Alexandar G"]
[Black "Guliev, Sarhan"]
[Result "1/2-1/2"]
[WhiteElo "2485"]
[BlackElo "2470"]

1.c4 c6 2.Nf3 d5 3.e3 Nf6 4.Nc3 e6 5.d4 Nbd7 6.Bd3 dxc4 7.Bxc4 b5 8.Be2 a6
9.e4 b4 10.e5 bxc3 11.exf6 Nxf6 12.bxc3 c5 13.O-O cxd4 14.Nxd4 Bd7 15.Bf3 Rc8
16.Bb7 Rxc3 17.Bb2 Rc5 18.Ba3 Rc7 19.Bxf8 Rxf8 20.Qf3 Ba4 21.Nf5 exf5 22.Rfe1+ Re7
23.Bc6+ Bxc6 24.Qxc6+ Qd7 25.Rxe7+ Kxe7 26.Qc5+ Qd6 27.Re1+ Kd7 28.Qa7+ Kd8
29.Qa8+ Kd7 30.Qb7+ Kd8 31.Qa8+  1/2-1/2

[Event "Minsk op"]
[Site "Minsk"]
[Date "1994.??.??"]
[Round "7"]
[White "Tunik, Gennady"]
[Black "Panchenko, Alexandar G"]
[Result "1-0"]
[WhiteElo "2430"]
[BlackElo "2485"]

1.d4 Nf6 2.c4 e6 3.Nf3 d5 4.Nc3 c6 5.e3 a6 6.Bd3 dxc4 7.Bxc4 c5 8.O-O b5
9.Be2 Nbd7 10.a4 b4 11.Nb1 Bb7 12.Nbd2 Be7 13.Nc4 O-O 14.Nfe5 cxd4 15.exd4 Nxe5
16.dxe5 Nd5 17.Qd4 Rc8 18.Bd2 Rc7 19.Rfc1 Bc5 20.Qg4 f5 21.Qg5 Re7 22.Bf3 Kh8
23.Rd1 h6 24.Qh4 Bc6 25.Bg5 Qe8 26.Bxe7 Bxe7 27.Qd4 Bxa4 28.Rdc1 Qd7 29.Bxd5 Rd8
30.Nb6 Qa7 31.Rxa4 Rxd5 32.Qe3 Bc5 33.Nxd5 Bxe3 34.Nxe3 f4 35.Nf1 Qd4 36.b3 Qb2
37.Rc8+ Kh7 38.Rxb4 Qxe5 39.Rb7 Qd5 40.Rcc7 Kg6 41.Rxg7+ Kf6 42.h3 a5 43.Rgd7  1-0

[Event "Mislata op 3th"]
[Site "Mislata"]
[Date "1994.??.??"]
[Round "3"]
[White "Fos Santacreu, Juan Andres"]
[Black "Komljenovic, Davor"]
[Result "0-1"]
[WhiteElo "2265"]
[BlackElo "2465"]

1.Nf3 d5 2.d4 c6 3.c4 Nf6 4.Nc3 e6 5.e3 Nbd7 6.Bd3 dxc4 7.Bxc4 b5 8.Bd3 a6
9.e4 c5 10.d5 c4 11.dxe6 cxd3 12.exf7+ Kxf7 13.O-O Nc5 14.Ng5+ Kg8 15.e5 h6
16.exf6 hxg5 17.f7+ Kxf7 18.Qf3+ Qf6 19.Qxa8 Bb7 20.Qb8 Rh4 21.Re1 Qc6 22.Qg3 Bd6
23.Qxg5 Bxh2+ 24.Kf1 Be5 25.Kg1 Bf6 26.Qg3 b4 27.Bg5 bxc3 28.Bxh4 Bxh4 29.Qg4 d2
30.Re2 Qd5 31.bxc3 d1=Q+ 32.Rxd1 Qxd1+ 33.Kh2 Qd6+ 34.Kg1 Bf6 35.Qc4+ Qd5
36.Qg4 Ne6 37.c4 Qxg2+ 38.Qxg2 Bxg2 39.Kxg2 Nf4+ 40.Kf3 Nxe2 41.Kxe2 Ke6
42.Kd3 Kd6 43.Kc2 Kc5 44.Kb3 Bd8  0-1

[Event "Mlada Boleslav op"]
[Site "Mlada Boleslav"]
[Date "1994.??.??"]
[Round "5"]
[White "Slezka, Vojtech"]
[Black "Salac, Jiri"]
[Result "1-0"]
[WhiteElo "2375"]
[BlackElo "2230"]

1.d4 d5 2.c4 c6 3.Nf3 Nf6 4.Nc3 e6 5.e3 Be7 6.Bd3 O-O 7.O-O dxc4 8.Bxc4 b5
9.Bd3 a6 10.e4 c5 11.dxc5 b4 12.Na4 Bb7 13.Qc2 Qc7 14.a3 b3 15.Qxb3 Nxe4
16.Be3 Nd7 17.Qc2 f5 18.Rac1 Bd5 19.b4 Bf6 20.c6 Ne5 21.Nxe5 Bxe5 22.f4 Bd6
23.Nb6 g5 24.Nxd5 exd5 25.g3 Rfe8 26.Qg2 Re6 27.fxg5 Rae8 28.Rxf5 Nxg3 29.Qxd5 Nxf5
30.Bxf5 Qf7 31.Bxe6 Rxe6 32.Rf1 Bxh2+ 33.Kg2  1-0

[Event "Mlada Boleslav op"]
[Site "Mlada Boleslav"]
[Date "1994.??.??"]
[Round "6"]
[White "Barbero, Gerardo F"]
[Black "Trefny, Vlastimil"]
[Result "1-0"]
[WhiteElo "2490"]
[BlackElo "2300"]

1.d4 d5 2.c4 c6 3.Nc3 Nf6 4.e3 e6 5.Nf3 Nbd7 6.Qc2 Bd6 7.Be2 O-O 8.O-O Qe7
9.a3 Re8 10.Rd1 h6 11.h3 dxc4 12.Bxc4 e5 13.Nh4 Nb6 14.Ng6 Qc7 15.Nxe5 Bxe5
16.dxe5 Qxe5 17.Bd3 Nbd5 18.Ne2 Qh5 19.e4 Ne7 20.Bf4 g5 21.Be5 Ned5 22.Bd4 c5
23.Qxc5 Bxh3 24.Bxf6 Nxf6 25.Ng3 Qh4 26.gxh3 g4 27.Nf5 Qxh3 28.Qd4 Nh5 29.Bf1 Qf3
30.Nxh6+ Kh7 31.Bg2 Qf4 32.Nf5  1-0

[Event "Mlada Boleslav op"]
[Site "Mlada Boleslav"]
[Date "1994.??.??"]
[Round "8"]
[White "Janakiev, Ivan"]
[Black "Gagloshvili, Raissa"]
[Result "1-0"]
[WhiteElo "2325"]
[BlackElo "2170"]

1.d4 d5 2.c4 c6 3.Nc3 Nf6 4.Nf3 e6 5.e3 Bd6 6.Qc2 Nbd7 7.Bd2 O-O 8.O-O-O a6
9.e4 dxe4 10.Nxe4 Nxe4 11.Qxe4 Re8 12.Bd3 Nf8 13.h4 c5 14.Bc3 f5 15.Qe2 Bd7
16.dxc5 Bxc5 17.Rh3 Bd6 18.Ne5 Qc7 19.h5 b5 20.Rg3 Re7 21.Kb1 Rb8 22.f4 Be8
23.h6 g6 24.Qd2 Bc5 25.cxb5 axb5 26.b4 Bb6 27.Ba1 Rd8 28.Rf3 Bc6 29.Qb2  1-0

[Event "Mlada Boleslav op"]
[Site "Mlada Boleslav"]
[Date "1994.??.??"]
[Round "8"]
[White "Voloshin, Leonid"]
[Black "Supatashvili, Khvicha"]
[Result "1-0"]
[WhiteElo "2390"]
[BlackElo "2435"]

1.d4 d5 2.c4 c6 3.e3 Nf6 4.Nc3 e6 5.Nf3 Nbd7 6.Qc2 Bd6 7.b3 e5 8.cxd5 Nxd5
9.Nxd5 cxd5 10.dxe5 Nxe5 11.Nd4 O-O 12.Be2 Qg5 13.g3 Ng4 14.Qd1 Nf6 15.f4 Qh6
16.O-O Bh3 17.Re1 Ne4 18.Bg4 Bb4 19.Bb2 Bxe1 20.Nf5 Qa6 21.Bxh3 Bc3 22.Bxc3 Nxc3
23.Qd2 Ne4 24.Qxd5 Rfe8 25.Qd4 Qf6 26.Rc1 Qxd4 27.Nxd4 Nd6 28.Kf2 Re7 29.Rd1 Rae8
30.Rd3 Ne4+ 31.Ke2 Rc7 32.Bg2 g6 33.Bxe4 Rxe4 34.Kf3 Re8 35.g4 h6 36.h4 Kg7
37.b4 a6 38.a4 Rc4 39.Rb3 Rd8 40.a5 Ra8 41.b5 Ra4 42.bxa6 bxa6 43.Nc6 Rc8
44.Rb6 Ra8 45.Rb7 Kg8 46.g5 hxg5 47.hxg5 Re8 48.Ra7 Re6 49.Nd8 Rae4 50.Nxe6 Rxe6
51.Rb7  1-0

[Event "Mlada Boleslav op"]
[Site "Mlada Boleslav"]
[Date "1994.??.??"]
[Round "9"]
[White "Epishin, Vladimir"]
[Black "Polgar, Sofia"]
[Result "1-0"]
[WhiteElo "2650"]
[BlackElo "2450"]

1.d4 d5 2.c4 c6 3.Nc3 Nf6 4.e3 e6 5.Nf3 Nbd7 6.Qc2 Bd6 7.Be2 O-O 8.O-O dxc4
9.Bxc4 Qe7 10.h3 a6 11.e4 e5 12.Bg5 b5 13.Bb3 h6 14.Bh4 g5 15.Bg3 Nh5 16.Ne2 Bb7
17.dxe5 Bxe5 18.Nxe5 Nxe5 19.Bh2 Rfe8 20.f4 gxf4 21.Nxf4 Nf6 22.Nd3 Nc4 23.e5 Nd5
24.Rf3 Nde3 25.Qf2 c5 26.Rg3+ Kh7 27.Bxc4 bxc4 28.Nxc5 Nd5 29.Rf1 Rf8 30.Rf3 Kg7
31.e6 f6 32.Nxb7 Qxb7 33.Rg3+ Kh7 34.Qf5+ Kh8 35.Rg6  1-0

[Event "Montecatini Terme op"]
[Site "Montecatini Terme"]
[Date "1994.??.??"]
[Round "?"]
[White "Malaniuk, Vladimir P"]
[Black "Lau, Ralf"]
[Result "1/2-1/2"]
[WhiteElo "2610"]
[BlackElo "2515"]

1.d4 d5 2.c4 c6 3.Nc3 Nf6 4.e3 e6 5.Nf3 Nbd7 6.Qc2 Bd6 7.a3 a6 8.b4 e5 9.Bb2 O-O
10.Nxd5 cxd5 11.dxe5 Nxe5 12.Nxe5 Qe7 13.Nf3 dxc4 14.Qxc4 Bg4 15.Be2 Rac8
16.Qd3 Bh5 17.O-O Bg6 18.Qd4 Rfd8 19.Qh4 Rc2 20.Bxf6 Qxf6 21.Qxf6 gxf6 22.Nd4 Rb2
23.Bf3 Rd7 24.h4 h6 25.h5 Bh7 26.Rfd1 Be5 27.Rac1 Re7 28.Bg4 Kg7 29.Nf5+ Bxf5
30.Bxf5 Ra2 31.Rd3 Rc7 32.Rf1 Bc3 33.f4 Rxa3 34.Rf3 Ra1+ 35.Kh2 Be1 36.e4 Rac1
37.Rd8 R1c3 38.Rd7 Rxd7 39.Rxc3 Bxc3 40.Bxd7  1/2-1/2

[Event "Montevideo"]
[Site "Montevideo"]
[Date "1994.??.??"]
[Round "1"]
[White "Valiente, Cristobal"]
[Black "Del Rey, Diego"]
[Result "1/2-1/2"]
[WhiteElo "2355"]
[BlackElo "2400"]

1.d4 d5 2.Nf3 Nf6 3.c4 c6 4.Nc3 e6 5.e3 Nbd7 6.Qc2 Bd6 7.Be2 O-O 8.O-O dxc4
9.Bxc4 e5 10.h3 Qe7 11.Bd2  1/2-1/2